Bilingual Bee Animal Alphabet (French) - Statistics

General Stats
  • This quiz has been taken 5 times
  • The average score is 15 of 26
Answer Stats
Picture Answer % Correct
Aigle
100%
Eléphant
100%
Tigre
100%
Dauphin
80%
Koala
80%
Lion
80%
Rhinocéros
80%
Scorpion
80%
Yak
80%
Zebre
80%
Hyène
60%
Iguane
60%
Jaguar
60%
Blaireau
40%
Caracal
40%
Flamant
40%
Gorile
40%
Manchote
40%
Narval
40%
Orang-outan
40%
Puma
40%
Quetzal
40%
Unau
40%
Vautour
40%
Wapiti
40%
Xerus
20%
No matching quizzes found
Score Distribution
Percent of People with Each Score
Percentile by Number Answered
Your Score History
You have not taken this quiz